Normal view
MARC view
- الشعر الياباني - تاريخ ونقد - ترجمة
Entry Topical Term
001 - CONTROL NUMBER
- control field: 19641
003 - CONTROL NUMBER IDENTIFIER
- control field: JO-AjAnu
005 - DATE AND TIME OF LATEST TRANSACTION
- control field: 20230606073429.0
008 - FIXED-LENGTH DATA ELEMENTS
- fixed length control field: 230606|| aca||aabn | a|a d
040 ## - CATALOGING SOURCE
- Original cataloging agency: JO-AjAnu
- Transcribing agency: JO-AjAnu
150 ## - HEADING--TOPICAL TERM
- Topical term or geographic name entry element: الشعر الياباني - تاريخ ونقد - ترجمة
670 ## - SOURCE DATA FOUND
- Source citation: Work cat.: (JO-AjAnu)10084: إعداد سوجير،بيير ؛ ترجمة عبد القادر الضللي, author 19640, دراسة في الشعر الياباني: قديمة وحديثة